000 00572nam a2200241Ia 4500
003 OSt
005 20220912145612.0
006 a|||||r|||| 00| 0
007 ta
008 220909b |||||||| |||| 00| 0 eng d
024 _a71071
037 _cTextual
040 _aCSL
_beng
_cCSL
041 _aeng
082 _aB316, H91
100 _aWilder Raymond Louis
245 0 _aTopology of manifolds
260 _c1949
300 _ap.
_ccm.
650 _aTopology
942 _hB316, H91
_cTEXL
_2CC
999 _c34768
_d34768